[Event "II Torneo Internacional Puente Foral. E"]
[Site "Huarte (Navarra)"]
[Date "2007.12.02"]
[Round "1.3"]
[White "Esparza Martinez, Inaki"]
[Black "Gutierrez Bustillo, Diego"]
[Result "0-1"]
[WhiteElo "2042"]
[BlackElo "1871"]
[PlyCount "93"]
[EventDate "2007.12.02"]

1. d4 Nf6 2. Nf3 g6 3. c4 Bg7 4. Nc3 d6 5. e4 O-O 6. Be2 e5 7. d5 Nbd7 8. O-O
h6 9. Nd2 Nh7 10. Nb3 f5 11. exf5 gxf5 12. f4 b6 13. Be3 Ndf6 14. Qd2 h5 15. h3
Qe8 16. Rad1 Qg6 17. Kh1 Kh8 18. Rg1 Qg3 19. Rgf1 Rg8 20. Rf3 Qg6 21. Bf1 e4
22. Rf2 h4 23. Bd4 Nh5 24. Bxg7+ Rxg7 25. Ne2 Ba6 26. Qc3 Re8 27. Nbd4 N7f6 28.
Ne6 Rge7 29. N2d4 Ng3+ 30. Kg1 Nxf1 31. Rfxf1 Kg8 32. Rf2 Bb7 33. Nb5 a6 34.
Nbxc7 Rc8 35. Qa3 Rcxc7 36. Nxc7 Rxc7 37. Qxd6 Rxc4 38. Qb8+ Bc8 39. Qxb6 Qg7
40. Qb3 Rc5 41. Qc3 Rxd5 42. Qxc8+ Kh7 43. Rc2 Qg3 44. Rf1 Kg6 45. Rc3 e3 46.
Qe6 Rd2 47. Rxe3 0-1

[Event "II Torneo Internacional Puente Foral. E"]
[Site "Huarte (Navarra)"]
[Date "2007.12.02"]
[Round "1.4"]
[White "Sevilla Subiza, Javier"]
[Black "Roviralta Montero, Axel"]
[Result "0-1"]
[WhiteElo "1793"]
[BlackElo "2010"]
[PlyCount "52"]
[EventDate "2007.12.02"]

1. d4 Nf6 2. Bg5 e6 3. e4 Be7 4. Bd3 d6 5. Nf3 Nbd7 6. Nbd2 h6 7. Bh4 g5 8. Bg3
g4 9. Ng1 e5 10. Ne2 h5 11. f4 gxf3 12. Nxf3 Ng4 13. Qd2 h4 14. Bf2 Nxf2 15.
Kxf2 Nf6 16. h3 Nh5 17. dxe5 dxe5 18. Bb5+ c6 19. Qxd8+ Bxd8 20. Bc4 Nf6 21.
Nc3 b5 22. Bd3 Bb6+ 23. Ke2 Nh5 24. Rhd1 Nf4+ 25. Kf1 Rg8 26. Nxh4 Bxh3 0-1

[Event "II Torneo Internacional Puente Foral. E"]
[Site "Huarte (Navarra)"]
[Date "2007.12.03"]
[Round "2.1"]
[White "Leranoz Zabalza, Adrian"]
[Black "Roviralta Montero, Axel"]
[Result "0-1"]
[WhiteElo "2071"]
[BlackElo "2010"]
[PlyCount "74"]
[EventDate "2007.12.02"]

1. e4 e5 2. Bc4 Nf6 3. d3 Nc6 4. Nc3 Na5 5. Nge2 Nxc4 6. dxc4 Bb4 7. Qd3 d6 8.
a3 Bxc3+ 9. Nxc3 Be6 10. f3 Qd7 11. Be3 a6 12. b4 Ng8 13. Nd5 f5 14. O-O Nf6
15. Bg5 Bxd5 16. cxd5 f4 17. c4 O-O 18. Rfc1 h6 19. Bh4 g5 20. Be1 g4 21. c5
gxf3 22. Qxf3 c6 23. Rd1 cxd5 24. exd5 Rad8 25. Bh4 Qf5 26. Bxf6 Rxf6 27. c6 e4
28. Qh3 Qxh3 29. gxh3 bxc6 30. dxc6 Kf7 31. a4 e3 32. b5 f3 33. c7 Rg8+ 34. Kh1
e2 35. b6 f2 36. Rf1 exf1=Q+ 37. Rxf1 Ke7 0-1

[Event "II Torneo Internacional Puente Foral. E"]
[Site "Huarte (Navarra)"]
[Date "2007.12.03"]
[Round "2.2"]
[White "Gutierrez Bustillo, Diego"]
[Black "Sevilla Subiza, Javier"]
[Result "1-0"]
[WhiteElo "1871"]
[BlackElo "1793"]
[PlyCount "117"]
[EventDate "2007.12.02"]

1. e4 e5 2. Nf3 Nf6 3. Nxe5 d6 4. Nf3 Nxe4 5. Nc3 Nxc3 6. dxc3 Be7 7. Be3 Nc6
8. Qd2 Be6 9. O-O-O a6 10. Be2 Qd7 11. Nd4 Nxd4 12. Bxd4 Qa4 13. a3 O-O 14. h4
c5 15. Be3 b5 16. Bg5 f6 17. Qe3 Bf5 18. Bd3 Bxd3 19. Rxd3 Rfe8 20. Bf4 Kh8 21.
Qd2 a5 22. Bxd6 Bxd6 23. Rxd6 b4 24. cxb4 axb4 25. Rh3 Qb5 26. Rhd3 bxa3 27.
bxa3 c4 28. R3d5 Qa4 29. Qb4 Qxa3+ 30. Qxa3 Rxa3 31. Rd8 Ra8 32. Rxa8 Rxa8 33.
Rc5 Kg8 34. Rxc4 Kf7 35. Kd2 Kg6 36. Rd4 h6 37. g4 h5 38. f3 Rh8 39. c4 Kf7 40.
gxh5 Rxh5 41. Ke3 Ke6 42. Kf2 g5 43. hxg5 Rxg5 44. Rd1 Rc5 45. Rc1 Ke5 46. Ke3
Rc8 47. f4+ Kf5 48. c5 Rc6 49. Rc2 Re6+ 50. Kf3 Rc6 51. Rc1 Ke6 52. Ke4 Kd7 53.
Kd5 Rc8 54. c6+ Ke7 55. Re1+ Kf7 56. Kd6 Rd8+ 57. Kc7 Rd2 58. Rb1 Re2 59. Kb8
1-0

[Event "II Torneo Internacional Puente Foral. E"]
[Site "Huarte (Navarra)"]
[Date "2007.12.03"]
[Round "2.3"]
[White "Monje Peinado, Roberto"]
[Black "Esparza Martinez, Inaki"]
[Result "1-0"]
[WhiteElo "2042"]
[BlackElo "2042"]
[PlyCount "59"]
[EventDate "2007.12.02"]

1. d4 d5 2. c4 e6 3. g3 Nf6 4. Bg2 Bb4+ 5. Bd2 Be7 6. Nc3 O-O 7. Nf3 c6 8. Qc2
b6 9. O-O Ba6 10. cxd5 cxd5 11. Rfe1 Bb7 12. Rac1 Nc6 13. Bf4 Rc8 14. Qb1 Nh5
15. Red1 g5 16. Bd2 f5 17. e3 g4 18. Ne1 Nf6 19. Nd3 Bd6 20. Ne2 Ba6 21. Nef4
Qe8 22. Rc2 Rf7 23. Rdc1 Rfc7 24. Bf1 Ne4 25. Be1 Bc4 26. b3 Ba6 27. b4 Bc4 28.
a3 Ng5 29. Bd2 Bxf4 30. Nxf4 1-0

[Event "II Torneo Internacional Puente Foral. E"]
[Site "Huarte (Navarra)"]
[Date "2007.12.03"]
[Round "2.4"]
[White "Fahmy Moursy, Tarek"]
[Black "Sola Plaza, Gregorio"]
[Result "0-1"]
[WhiteElo "1865"]
[BlackElo "2030"]
[PlyCount "100"]
[EventDate "2007.12.02"]

1. c4 Nf6 2. d4 e6 3. Nc3 d5 4. cxd5 exd5 5. Bg5 c6 6. e3 Be7 7. Bd3 O-O 8.
Nge2 Bg4 9. Qc2 Bxe2 10. Nxe2 Nbd7 11. Bf5 Re8 12. O-O-O Ne4 13. Bxe7 Qxe7 14.
Nf4 Ndf6 15. Kb1 g6 16. Bxe4 Qxe4 17. Qxe4 Nxe4 18. Nd3 Re7 19. h4 h5 20. Rhg1
Kg7 21. Kc2 Rh8 22. Rgf1 Nd6 23. b3 f6 24. a4 Rc8 25. Rc1 Nf5 26. g3 Nd6 27.
Nf4 Kf7 28. Kd3 Ree8 29. Rc2 Kg7 30. Rfc1 Rcd8 31. Rg1 Nf5 32. b4 Kh6 33. b5 g5
34. hxg5+ fxg5 35. Ne2 cxb5 36. axb5 Nd6 37. Rc7 Rf8 38. f4 g4 39. Nc3 Nf5 40.
Rxb7 Rfe8 41. Nd1 Rc8 42. Rxa7 Rc1 43. Ra6+ Kg7 44. Rc6 Rxc6 45. bxc6 Re6 46.
c7 Rc6 47. e4 dxe4+ 48. Kxe4 Kf6 49. Nf2 Rxc7 50. Nd3 Rc4 0-1

[Event "II Torneo Internacional Puente Foral. E"]
[Site "Huarte (Navarra)"]
[Date "2007.12.04"]
[Round "3.1"]
[White "Sola Plaza, Gregorio"]
[Black "Leranoz Zabalza, Adrian"]
[Result "1-0"]
[WhiteElo "2030"]
[BlackElo "2071"]
[PlyCount "99"]
[EventDate "2007.12.02"]

1. d4 Nf6 2. c4 c5 3. d5 b5 4. Qc2 e6 5. e4 bxc4 6. Nc3 exd5 7. exd5 d6 8. Bxc4
Be7 9. Bb5+ Nbd7 10. Nf3 Bb7 11. Qd3 O-O 12. Bxd7 Qxd7 13. O-O Qg4 14. b3 Rfe8
15. h3 Qh5 16. Rd1 a6 17. Bf4 h6 18. Rd2 g5 19. Bg3 Bf8 20. Nh2 Bg7 21. Rc1
Rad8 22. Rdd1 Nd7 23. Ne4 Ne5 24. Bxe5 Rxe5 25. Ng4 Qg6 26. Nxe5 Bxe5 27. Ng3
Qxd3 28. Rxd3 Bc8 29. Rf3 g4 30. hxg4 Bxg4 31. Rd3 f5 32. f3 f4 33. Ne4 Bf5 34.
b4 Bd4+ 35. Kh2 Kf7 36. Rb3 Bxe4 37. fxe4 Kf6 38. bxc5 Bxc5 39. Rh3 Ke5 40. Rc4
Bd4 41. Rd3 Bc5 42. Rh3 Bd4 43. Ra3 Ra8 44. Rb3 a5 45. Ra3 Bc5 46. Rf3 Rg8 47.
g3 fxg3+ 48. Rxg3 Rf8 49. Rg6 Rf2+ 50. Kg3 1-0

[Event "II Torneo Internacional Puente Foral. E"]
[Site "Huarte (Navarra)"]
[Date "2007.12.04"]
[Round "3.2"]
[White "Esparza Martinez, Inaki"]
[Black "Fahmy Moursy, Tarek"]
[Result "1-0"]
[WhiteElo "2042"]
[BlackElo "1865"]
[PlyCount "70"]
[EventDate "2007.12.02"]

1. d4 d5 2. c4 c6 3. Nf3 Nf6 4. Nc3 e6 5. e3 Bd6 6. Bd3 O-O 7. O-O Re8 8. e4
dxe4 9. Nxe4 Nxe4 10. Bxe4 Be7 11. Ne5 f5 12. Bc2 Nd7 13. f4 Bf6 14. Be3 Bxe5
15. fxe5 c5 16. Ba4 Rf8 17. Bxd7 Bxd7 18. d5 b6 19. Qd2 Qc7 20. Bf4 Rad8 21.
Qe3 Qb7 22. Rad1 Bc8 23. Bg5 Rde8 24. d6 Rf7 25. Rd2 h6 26. Be7 Qd7 27. h4 Bb7
28. Rdf2 Qc6 29. Qh3 Qd7 30. g4 Be4 31. g5 Kh7 32. Rd1 Bc6 33. Qg3 g6 34. gxh6
Kxh6 35. Bf6 Bb7 1-0

[Event "II Torneo Internacional Puente Foral. E"]
[Site "Huarte (Navarra)"]
[Date "2007.12.04"]
[Round "3.3"]
[White "Sevilla Subiza, Javier"]
[Black "Monje Peinado, Roberto"]
[Result "0-1"]
[WhiteElo "1793"]
[BlackElo "2042"]
[PlyCount "56"]
[EventDate "2007.12.02"]

1. d4 f5 2. c4 g6 3. Nc3 Nf6 4. Nf3 Bg7 5. g3 O-O 6. Bg2 d6 7. O-O c6 8. e3 Qc7
9. b3 e5 10. dxe5 dxe5 11. Qc2 e4 12. Nd4 Na6 13. Ba3 Rd8 14. Rad1 Ng4 15. Nce2
Qa5 16. Qc1 Ne5 17. Be7 Re8 18. Qa3 Qc7 19. Bd6 Qf7 20. Nf4 g5 21. Nfe2 Qh5 22.
Bxe5 Bxe5 23. f4 exf3 24. Rxf3 f4 25. gxf4 gxf4 26. exf4 Bf6 27. Rg3+ Kh8 28.
Bf3 Qh6 {Resto de la partida ilegible} 0-1

[Event "II Torneo Internacional Puente Foral. E"]
[Site "Huarte (Navarra)"]
[Date "2007.12.04"]
[Round "3.4"]
[White "Roviralta Montero, Axel"]
[Black "Gutierrez Bustillo, Diego"]
[Result "1/2-1/2"]
[WhiteElo "2010"]
[BlackElo "1871"]
[PlyCount "85"]
[EventDate "2007.12.02"]

1. e4 e5 2. d4 exd4 3. Qxd4 Nc6 4. Qe3 d6 5. Nc3 Nf6 6. Qg3 Be6 7. Bb5 Qd7 8.
Nge2 a6 9. Bd3 Be7 10. f4 g6 11. O-O Nh5 12. Qf2 f5 13. Be3 Nf6 14. Rad1 Ng4
15. Qf3 Nxe3 16. Qxe3 fxe4 17. Nxe4 d5 18. Bc4 O-O-O 19. Bxd5 Bxd5 20. c4 Qe6
21. cxd5 Rxd5 22. Qb3 Qxe4 23. Qxd5 Qxe2 24. f5 gxf5 25. Qxf5+ Kb8 26. a4 Rf8
27. Qd5 Rxf1+ 28. Rxf1 Qxb2 29. Qg8+ Ka7 30. Qxh7 Qd4+ 31. Kh1 Qxa4 32. Qf5 Bd6
33. g4 Qa2 34. Rf2 Qa1+ 35. Kg2 Qe5 36. Qxe5 Nxe5 37. g5 a5 38. h4 Ng6 39. Kh3
a4 40. h5 Nf4+ 41. Kg4 Nxh5 42. Kxh5 Be5 43. Rf5 1/2-1/2

[Event "II Torneo Internacional Puente Foral. E"]
[Site "Huarte (Navarra)"]
[Date "2007.12.05"]
[Round "4.1"]
[White "Leranoz Zabalza, Adrian"]
[Black "Gutierrez Bustillo, Diego"]
[Result "1/2-1/2"]
[WhiteElo "2071"]
[BlackElo "1871"]
[PlyCount "77"]
[EventDate "2007.12.02"]

1. e4 e5 2. Bc4 Nf6 3. d3 Be7 4. Nc3 O-O 5. f4 Nc6 6. Nf3 d6 7. a3 exf4 8. Bxf4
Nh5 9. Be3 Be6 10. Bxe6 fxe6 11. O-O Nf4 12. Qd2 e5 13. g3 Ne6 14. Rf2 Qd7 15.
Raf1 Rf7 16. Nd5 Raf8 17. c3 b6 18. Qd1 Na5 19. Bd2 c6 20. Ne3 Ng5 21. Nxg5
Rxf2 22. Rxf2 Rxf2 23. Kxf2 Bxg5 24. Nf5 Bxd2 25. Qxd2 Nb3 26. Qg5 Nc5 27. Ke3
d5 28. Qe7 dxe4 29. Qxd7 Nxd7 30. Ne7+ Kf7 31. Nxc6 exd3 32. Nxa7 e4 33. Nb5
Ke6 34. Nd4+ Kd5 35. b3 Nc5 36. c4+ Ke5 37. Nc6+ Kd6 38. Nd4 Ke5 39. Nc6+
1/2-1/2

[Event "II Torneo Internacional Puente Foral. E"]
[Site "Huarte (Navarra)"]
[Date "2007.12.05"]
[Round "4.2"]
[White "Monje Peinado, Roberto"]
[Black "Roviralta Montero, Axel"]
[Result "1/2-1/2"]
[WhiteElo "2042"]
[BlackElo "2010"]
[PlyCount "70"]
[EventDate "2007.12.02"]

1. d4 Nf6 2. Nf3 e6 3. c4 b6 4. a3 Bb7 5. Nc3 d5 6. cxd5 Nxd5 7. Qc2 Nxc3 8.
bxc3 Nd7 9. e4 c5 10. Bd3 Rc8 11. Qa4 Qc7 12. Ne5 a6 13. Bxa6 Ra8 14. Qxd7+
Qxd7 15. Nxd7 Rxa6 16. Nxf8 cxd4 17. Nxe6 fxe6 18. cxd4 Bxe4 19. O-O b5 20. Re1
Bd5 21. Rb1 Bc4 22. d5 Kf7 23. dxe6+ Rxe6 24. Bd2 Rhe8 25. Bb4 Rxe1+ 26. Rxe1
Rxe1+ 27. Bxe1 Bd5 28. f3 h5 29. Kf2 Ke6 30. Ke3 Kf5 31. Kd4 Bc6 32. Bd2 g5 33.
Kc5 Be8 34. g3 g4 35. f4 Bd7 1/2-1/2

[Event "II Torneo Internacional Puente Foral. E"]
[Site "Huarte (Navarra)"]
[Date "2007.12.05"]
[Round "4.3"]
[White "Fahmy Moursy, Tarek"]
[Black "Sevilla Subiza, Javier"]
[Result "0-1"]
[WhiteElo "1865"]
[BlackElo "1793"]
[PlyCount "29"]
[EventDate "2007.12.02"]

1. e4 e5 2. Nc3 Nf6 3. Nf3 Bb4 4. Nd5 Nxd5 5. exd5 O-O 6. Be2 e4 7. Nd4 Qg5 8.
O-O Qxd5 9. c3 Bc5 10. Nc2 Nc6 11. b4 Be7 12. Ne3 Qe5 13. Rb1 d5 14. b5 Bd6 15.
Ng4 0-1

[Event "II Torneo Internacional Puente Foral. E"]
[Site "Huarte (Navarra)"]
[Date "2007.12.05"]
[Round "4.4"]
[White "Sola Plaza, Gregorio"]
[Black "Esparza Martinez, Inaki"]
[Result "1-0"]
[WhiteElo "2030"]
[BlackElo "2042"]
[PlyCount "67"]
[EventDate "2007.12.02"]

1. e4 e6 2. d4 d5 3. Nc3 Nf6 4. Bg5 Be7 5. e5 Nfd7 6. Bxe7 Qxe7 7. Qh5 a6 8. f4
c5 9. Nf3 b5 10. O-O-O c4 11. f5 Nb6 12. Ne2 exf5 13. Nf4 c3 14. e6 Bxe6 15.
Nxe6 cxb2+ 16. Kb1 Na4 17. Nxg7+ Kf8 18. Re1 Nc3+ 19. Kxb2 Qb4+ 20. Ka1 Ne4 21.
Nxf5 Qc3+ 22. Kb1 Qb4+ 23. Kc1 Qa3+ 24. Kd1 Nc3+ 25. Kd2 Ne4+ 26. Rxe4 dxe4 27.
Ne5 e3+ 28. Kd1 Qxa2 29. Bc4 Qb1+ 30. Ke2 Qxc2+ 31. Kxe3 Qc3+ 32. Bd3 Ra7 33.
Qh6+ Ke8 34. Qd6 1-0

[Event "II Torneo Internacional Puente Foral. E"]
[Site "Huarte (Navarra)"]
[Date "2007.12.06"]
[Round "5.1"]
[White "Esparza Martinez, Inaki"]
[Black "Leranoz Zabalza, Adrian"]
[Result "0-1"]
[WhiteElo "2042"]
[BlackElo "2071"]
[PlyCount "98"]
[EventDate "2007.12.02"]

1. Nf3 Nf6 2. d4 e6 3. c4 Nc6 4. Nc3 Bb4 5. Qc2 d6 6. a3 Bxc3+ 7. Qxc3 O-O 8.
e3 Qe7 9. Be2 e5 10. d5 Nb8 11. Qc2 a5 12. b3 Ne8 13. e4 h6 14. Bd3 Na6 15. Be3
b6 16. O-O Nc5 17. Nd2 g5 18. Be2 f5 19. f3 f4 20. Bf2 h5 21. b4 Nb7 22. c5
bxc5 23. bxc5 g4 24. Rfc1 Qg5 25. Kf1 g3 26. hxg3 fxg3 27. Bg1 Rf4 28. Bb5 Nxc5
29. Bxe8 Ba6+ 30. Nc4 Rxe8 31. Be3 Rxf3+ 32. gxf3 Qxe3 33. Qe2 Qd4 34. Kg2 Nd3
35. Qe3 Nf4+ 36. Kxg3 Kh7 37. Qxd4 Rg8+ 38. Kh2 Rg2+ 39. Kh1 exd4 40. Nxa5 Be2
41. Rxc7+ Kh6 42. Rg1 Rf2 43. Rcg7 Bxf3+ 44. R1g2 Rxg2 45. Rxg2 Bxg2+ 46. Kh2
d3 47. Nc4 Bxe4 48. a4 Bxd5 49. Nxd6 Kg5 0-1

[Event "II Torneo Internacional Puente Foral. E"]
[Site "Huarte (Navarra)"]
[Date "2007.12.06"]
[Round "5.2"]
[White "Sevilla Subiza, Javier"]
[Black "Sola Plaza, Gregorio"]
[Result "1-0"]
[WhiteElo "1793"]
[BlackElo "2030"]
[PlyCount "41"]
[EventDate "2007.12.02"]

1. d4 d5 2. c4 e6 3. Nc3 Nf6 4. Nf3 Bb4 5. Bg5 O-O 6. a3 Bxc3+ 7. bxc3 h6 8.
Bh4 dxc4 9. e4 g5 10. Nxg5 hxg5 11. Bxg5 e5 12. Qf3 Bg4 13. Qxf6 Qxf6 14. Bxf6
exd4 15. cxd4 b5 16. a4 c6 17. axb5 cxb5 18. d5 Rc8 19. Ra3 Nd7 20. Bd4 Bh5 21.
Rh3 1-0

[Event "II Torneo Internacional Puente Foral. E"]
[Site "Huarte (Navarra)"]
[Date "2007.12.06"]
[Round "5.3"]
[White "Roviralta Montero, Axel"]
[Black "Fahmy Moursy, Tarek"]
[Result "1-0"]
[WhiteElo "2010"]
[BlackElo "1865"]
[PlyCount "43"]
[EventDate "2007.12.02"]

1. e4 c5 2. Nf3 Nc6 3. d4 cxd4 4. Nxd4 d6 5. Nc3 g6 6. Be3 Bg7 7. Qd2 Bd7 8. f3
a6 9. Nd5 Nf6 10. Nxc6 bxc6 11. Bb6 Qb8 12. Nc7+ Kf8 13. Nxa8 Qxa8 14. Qa5 Bc8
15. O-O-O Bh6+ 16. Kb1 c5 17. e5 Nd5 18. exd6 exd6 19. Bxc5 dxc5 20. Qxc5+ Kg7
21. Qxd5 Qa7 22. Bc4 1-0

[Event "II Torneo Internacional Puente Foral. E"]
[Site "Huarte (Navarra)"]
[Date "2007.12.06"]
[Round "5.4"]
[White "Gutierrez Bustillo, Diego"]
[Black "Monje Peinado, Roberto"]
[Result "0-1"]
[WhiteElo "1871"]
[BlackElo "2042"]
[PlyCount "48"]
[EventDate "2007.12.02"]

1. e4 c5 2. Nc3 Nc6 3. g3 g6 4. Bg2 Bg7 5. d3 Rb8 6. f4 d6 7. Nf3 b5 8. O-O Nd4
9. Ne2 e6 10. c3 Nxf3+ 11. Rxf3 Ne7 12. Be3 O-O 13. Qc2 Qc7 14. Rc1 Bb7 15. d4
f5 16. Rf2 fxe4 17. Bxe4 Nf5 18. Bxb7 Qxb7 19. Qd3 c4 20. Qd2 Qe4 21. d5 Qxe3
22. Qxe3 Nxe3 23. dxe6 Rbe8 24. Rf3 Rxe6 0-1

[Event "II Torneo Internacional Puente Foral. E"]
[Site "Huarte (Navarra)"]
[Date "2007.12.07"]
[Round "6.1"]
[White "Leranoz Zabalza, Adrian"]
[Black "Monje Peinado, Roberto"]
[Result "1-0"]
[WhiteElo "2071"]
[BlackElo "2042"]
[PlyCount "79"]
[EventDate "2007.12.02"]

1. e4 c5 2. Nf3 Nc6 3. d4 cxd4 4. Nxd4 g6 5. Nc3 Bg7 6. Be3 Nf6 7. Bc4 Qa5 8.
O-O O-O 9. Bb3 d6 10. h3 Nxd4 11. Bxd4 Be6 12. Re1 Rad8 13. Nd5 Bxd5 14. exd5
Rfe8 15. c4 a6 16. Bc3 Qc5 17. Rc1 Nd7 18. Bxg7 Kxg7 19. Ba4 e5 20. Qd2 Rf8 21.
b4 Qa7 22. Bxd7 Rxd7 23. c5 dxc5 24. bxc5 f6 25. d6 Qa8 26. Qd5 Qd8 27. Rb1
Rff7 28. Rb6 Qc8 29. Reb1 Qa8 30. Kh2 Qc8 31. a4 h6 32. c6 bxc6 33. Rxc6 Qa8
34. Rbb6 Ra7 35. Qc4 Qg8 36. Rxa6 Rad7 37. Rc7 Qb8 38. Rc8 Qb7 39. Raa8 f5 40.
Qe6 1-0

[Event "II Torneo Internacional Puente Foral. E"]
[Site "Huarte (Navarra)"]
[Date "2007.12.07"]
[Round "6.2"]
[White "Fahmy Moursy, Tarek"]
[Black "Gutierrez Bustillo, Diego"]
[Result "0-1"]
[WhiteElo "1865"]
[BlackElo "1871"]
[PlyCount "142"]
[EventDate "2007.12.02"]

1. d4 Nf6 2. c4 g6 3. Nc3 Bg7 4. e4 d6 5. Qc2 O-O 6. Nge2 e5 7. d5 Nbd7 8. Bg5
h6 9. Bd2 Nb6 10. Ng3 c6 11. Qc1 Kh7 12. h4 Ng8 13. h5 g5 14. Be3 c5 15. Qc2 a6
16. Bd3 Rb8 17. Rb1 Nd7 18. b4 cxb4 19. Rxb4 Nc5 20. Ke2 Nxd3 21. Qxd3 Bd7 22.
Ba7 Ra8 23. Rxb7 Qc8 24. Rhb1 Ne7 25. Be3 f5 26. exf5 Nxf5 27. Nxf5 Bxf5 28.
Ne4 Kh8 29. f3 g4 30. Qb3 gxf3+ 31. gxf3 Bxe4 32. fxe4 Qg4+ 33. Kd3 Rf3 34.
Rb8+ Rxb8 35. Qxb8+ Bf8 36. Qa7 Qg3 37. Ke2 Qg2+ 38. Bf2 Ra3 39. Qb6 Qxe4+ 40.
Kf1 Rxa2 41. Kg1 Qg4+ 42. Kf1 Qxc4+ 43. Kg1 Qg4+ 44. Kf1 Qxh5 45. Kg1 Qg6+ 46.
Kh2 Qf5 47. Rf1 Qf4+ 48. Kg1 Qg4+ 49. Kh1 Ra3 50. Be3 Qh3+ 51. Kg1 Qxe3+ 52.
Qxe3 Rxe3 53. Rxf8+ Kg7 54. Rd8 Rd3 55. Rxd6 a5 56. Kf2 a4 57. Ra6 Rd4 58. d6
Kf7 59. d7 Ke7 60. d8=Q+ Kxd8 61. Rxh6 a3 62. Ra6 Rd2+ 63. Ke3 Rh2 64. Ke4 Re2+
65. Kd3 Ra2 66. Ke4 Ra1 67. Rd6+ Ke7 68. Rd2 Ke6 69. Re2 a2 70. Ke3 Kd5 71.
Rd2+ Kc4 0-1

[Event "II Torneo Internacional Puente Foral. E"]
[Site "Huarte (Navarra)"]
[Date "2007.12.07"]
[Round "6.3"]
[White "Sola Plaza, Gregorio"]
[Black "Roviralta Montero, Axel"]
[Result "1/2-1/2"]
[WhiteElo "2030"]
[BlackElo "2010"]
[PlyCount "147"]
[EventDate "2007.12.02"]

1. d4 Nf6 2. c4 e6 3. g3 d5 4. Bg2 Bb4+ 5. Bd2 Qd6 6. Nf3 O-O 7. O-O Bxd2 8.
Qxd2 Ne4 9. Qc2 Na6 10. Rd1 Nb4 11. Qc1 Qa6 12. b3 dxc4 13. bxc4 Rd8 14. Ne5
Nd6 15. c5 Ne8 16. e3 f6 17. Bf1 b5 18. cxb6 Qxb6 19. Nc4 Qa6 20. Qb2 Rb8 21.
a3 Nc6 22. Qc3 Ne7 23. Nbd2 Nd5 24. Qa5 Qxa5 25. Nxa5 Bd7 26. Rdc1 Kf7 27. Nc6
Bxc6 28. Rxc6 Rb6 29. Rc5 Ne7 30. Nc4 Rc6 31. Rxc6 Nxc6 32. Bg2 Nd6 33. Nxd6+
Rxd6 34. Rc1 Ne7 35. Rxc7 Ra6 36. Rc3 Ke8 37. Be4 Ra5 38. Kg2 h6 39. Rb3 Kd7
40. Kf3 Kd6 41. Bd3 e5 42. dxe5+ Kxe5 43. Rb5+ Rxb5 44. Bxb5 a5 45. a4 Nd5 46.
h4 Kd6 47. h5 Nc3 48. Be8 Ke7 49. Bg6 Nxa4 50. Ke4 Nc3+ 51. Kd3 Nd1 52. Ke2 Nb2
53. Kd2 a4 54. Bc2 a3 55. Kc3 Nc4 56. Bb3 Ne5 57. Bd1 Kd6 58. Kb3 Nc4 59. Be2
Kc5 60. Bd3 Nb2 61. Be2 Nc4 62. Bd3 Ne5 63. Be2 Kd5 64. f4 Nd7 65. Bf3+ Kc5 66.
Kxa3 Kc4 67. Ka4 Kd3 68. Kb5 Kxe3 69. Bg4 Nf8 70. Kc5 Kf2 71. Bf5 Kxg3 72. Kd6
Kxf4 73. Bc2 Kg5 74. Ke7 1/2-1/2

[Event "II Torneo Internacional Puente Foral. E"]
[Site "Huarte (Navarra)"]
[Date "2007.12.07"]
[Round "6.4"]
[White "Esparza Martinez, Inaki"]
[Black "Sevilla Subiza, Javier"]
[Result "1/2-1/2"]
[WhiteElo "2042"]
[BlackElo "1793"]
[PlyCount "60"]
[EventDate "2007.12.02"]

1. d4 d5 2. c4 e6 3. Nc3 Nf6 4. Bg5 Bb4 5. Qb3 Nc6 6. e3 h6 7. Bh4 g5 8. Bg3
Ne4 9. Nf3 h5 10. Ne5 Bxc3+ 11. bxc3 Nxe5 12. Bxe5 f6 13. f3 Nd6 14. Bxd6 Qxd6
15. Bd3 g4 16. f4 f5 17. Qb4 Qxb4 18. cxb4 c6 19. a4 a6 20. c5 Bd7 21. Kd2 Ke7
22. Ra2 Rhb8 23. Rha1 Kd8 24. Kc3 Kc7 25. b5 a5 26. Rb2 h4 27. Rab1 Be8 28. Be2
Bd7 29. b6+ Kd8 30. h3 g3 1/2-1/2

[Event "II Torneo Internacional Puente Foral. E"]
[Site "Huarte (Navarra)"]
[Date "2007.12.08"]
[Round "7.1"]
[White "Sevilla Subiza, Javier"]
[Black "Leranoz Zabalza, Adrian"]
[Result "0-1"]
[WhiteElo "1793"]
[BlackElo "2071"]
[PlyCount "66"]
[EventDate "2007.12.02"]

1. d4 c5 2. d5 Nf6 3. c4 b5 4. b3 e6 5. dxe6 fxe6 6. e3 Bb7 7. Nf3 Be7 8. Bb2
O-O 9. Be2 b4 10. O-O Ne4 11. Ne5 Bf6 12. f3 Nc3 13. Bxc3 bxc3 14. Ng4 d5 15.
Qc2 d4 16. exd4 cxd4 17. Bd3 h5 18. Bh7+ Kh8 19. Qg6 Qe8 20. Nxf6 Qxg6 21. Bxg6
Rxf6 22. Bxh5 Nc6 23. Na3 Nb4 24. Rfd1 d3 25. Nb5 c2 26. Rd2 Rd8 27. Nc3 e5 28.
a3 Ra6 29. a4 g6 30. Bg4 Nc6 31. Nb5 Na5 32. Rc1 Nxb3 33. Rcxc2 dxc2 0-1

[Event "II Torneo Internacional Puente Foral. E"]
[Site "Huarte (Navarra)"]
[Date "2007.12.08"]
[Round "7.2"]
[White "Roviralta Montero, Axel"]
[Black "Esparza Martinez, Inaki"]
[Result "1-0"]
[WhiteElo "2010"]
[BlackElo "2042"]
[PlyCount "125"]
[EventDate "2007.12.02"]

1. e4 e6 2. d4 d5 3. Nc3 Nf6 4. exd5 exd5 5. Bd3 Be7 6. Nge2 Bg4 7. f3 Bh5 8.
Bf4 Bg6 9. a3 c6 10. Bxg6 hxg6 11. Qd3 Nbd7 12. O-O-O Nb6 13. Rhe1 O-O 14. g4
Nc4 15. Ng3 Re8 16. Nb1 Qb6 17. Qb3 Qa6 18. Re2 Bf8 19. Rde1 b5 20. Rxe8 Rxe8
21. Rxe8 Nxe8 22. h4 Qb6 23. Ne2 a5 24. Nd2 Qd8 25. Bg5 Be7 26. Nxc4 Bxg5+ 27.
hxg5 dxc4 28. Qe3 Nc7 29. Qe5 Ne6 30. f4 Qc7 31. Kd2 Kf8 32. Ke3 Ke7 33. Qe4
Kf8 34. Qe5 Ke7 35. Qe4 Kf8 36. d5 Nc5 37. Qe5 Qxe5+ 38. fxe5 cxd5 39. Kd4 Na4
40. b3 cxb3 41. cxb3 Nb2 42. Kxd5 Nd3 43. Nd4 b4 44. a4 Nc1 45. Kc4 Ke7 46. Kb5
Nd3 47. Kxa5 Nxe5 48. Kxb4 Nxg4 49. Kc5 Kd7 50. Kb6 Ne3 51. a5 Nd5+ 52. Kb7 Nc7
53. a6 f6 54. Nf3 fxg5 55. Nxg5 Nb5 56. Kb6 Nd6 57. b4 Nc8+ 58. Kb7 Nd6+ 59.
Kb8 Nb5 60. a7 Nc7 61. Kb7 Kd6 62. Nf7+ Kd7 63. b5 1-0

[Event "II Torneo Internacional Puente Foral. E"]
[Site "Huarte (Navarra)"]
[Date "2007.12.08"]
[Round "7.3"]
[White "Gutierrez Bustillo, Diego"]
[Black "Sola Plaza, Gregorio"]
[Result "1/2-1/2"]
[WhiteElo "1871"]
[BlackElo "2030"]
[PlyCount "114"]
[EventDate "2007.12.02"]

1. e4 e6 2. d3 d5 3. Nd2 c5 4. g3 Nc6 5. Bg2 g6 6. Ngf3 Bg7 7. exd5 exd5 8. O-O
Nge7 9. Nb3 b6 10. c3 Ba6 11. Re1 O-O 12. Bf4 Qd7 13. d4 c4 14. Nbd2 Rae8 15.
Nf1 Nf5 16. Qa4 Bc8 17. b3 Rxe1 18. Rxe1 Nd6 19. Bxd6 Qxd6 20. bxc4 dxc4 21.
Ne3 Na5 22. Nxc4 Nxc4 23. Qxc4 Be6 24. Qd3 Qa3 25. Ng5 Bxa2 26. h4 Rc8 27. Re3
a5 28. Qa6 Qc1+ 29. Kh2 Rf8 30. Qxb6 Qd2 31. Ne4 Qc2 32. Qxa5 f5 33. Ng5 Qxf2
34. Re7 f4 35. Kh1 f3 36. Bxf3 Rxf3 37. Nxf3 Qxf3+ 38. Kh2 Bd5 39. Rxg7+ Kxg7
40. Qc7+ Kh6 41. Qf4+ Qxf4 42. gxf4 Kh5 43. Kg3 Be6 44. f5 gxf5 45. Kf4 Kxh4
46. Ke5 Kg4 47. Kxe6 f4 48. d5 f3 49. d6 f2 50. d7 f1=Q 51. d8=Q Qf4 52. Ke7
Qg5+ 53. Kd7 Qxd8+ 54. Kxd8 Kf5 55. c4 Ke6 56. c5 Kd5 57. Kd7 Kxc5 1/2-1/2